000 00902nam a22002535i 4500
001 176828
003 ES-MaACL
005 20230906220206.0
008 110214s1961 sp af |||| | spa d
080 _a75 Greco, El
100 1 _aMatthews, John F.
_979134
245 1 1 _a(Domenicos Theotocopulos) El Greco
_b: (1541-1614) /
_ctexto de John F. Matthews ; versión castellana de R. Santos Torroella.
260 _aBarcelona :
_bTimun Mas,
_c1961.
300 _a[2] h. , [74] p. :
_bil. , lám. col. y n. ;
_c18 cm.
490 1 _aEl libro de arte de bolsillo
500 _aEncuadernado con otros títulos.
504 _aBibliografía: p. [74]
597 _aEn el lomo: Tomos I-VI.
600 0 4 _aEl Greco.
_946893
700 0 _aSantos Torroella, Rafael.
_9103536
830 0 _aEl libro de arte de bolsillo
_9183601
852 _aES-MaACL
_jE-14305 (1)
_xOlim P-144
999 _c176828
_d176828